000 01464nam a22004217a 4500
003 CHAP
005 20220329132955.0
008 971013s1987 r 00010 d
010 _a826
011 _a1798
035 _a975
040 _cCHAP
090 _aTesis
100 0 0 _aLópez Ruiz, José Luis.
_968315
245 _aInstrumentación de un programa de inversión para equipamiento de pozo profundo y maquinaría agrícola
260 _aChapingo, Méx. :
_bEl autor,
_c1987
300 _a38 h.
500 _a39-50
502 _aTesis (Ing. Agr. Esp. en Zootecnia) -- UACH. Departamento de Zootecnia.
590 _aALEPH
_b10
_c20130110
_lUCH01
_h1206
590 _aBATCH-UPD
_b10
_c20130110
_lUCH01
_h0018
590 _aBATCH-UPD
_b10
_c20130110
_lUCH01
_h0920
590 _aBATCH-UPD
_b10
_c20130409
_lUCH01
_h1957
590 _aBATCH-UPD
_b10
_c20130410
_lUCH01
_h0542
590 _aBATCH-UPD
_b10
_c20130914
_lUCH01
_h1059
590 _aCONVERSION
_b10
_c20130109
_lUCH01
_h1302
650 1 4 _aCrédito agrícola.
_929022
650 1 4 _aMaquinaria agrícola.
_971151
650 1 4 _aMaquinaria agrícola
_xValoración.
_971205
650 1 4 _aPozos.
_991207
710 0 _aUACH. Departamento de Zootecnia.
_9115904
901 _aBK
942 _cFOLL
949 _aL502
_bZ
_cTESBD
_d-3664
_eTS1
_i975
_si
949 _aL502
_bZ
_cTESBD
_d-83506
_eTS2
_fc.2
_i975
_si
949 _bBC
_cTES
_d-10436
_eTS1
_h23060
_i975
_si
949 _bBC
_cTES
_d-69480
_eTS2
_fc.2
_h23061
_i975
_si
999 _c826
_d826